It looks like you're offline.
Open Library logo
additional options menu

MARC Record from Library of Congress

Record ID marc_loc_2016/BooksAll.2016.part10.utf8:114798256:663
Source Library of Congress
Download Link /show-records/marc_loc_2016/BooksAll.2016.part10.utf8:114798256:663?format=raw

LEADER: 00663pam a2200217 i 4500
001 77022411
003 DLC
005 19780518000000.0
008 770609s1978 maua b 00110 eng
010 $a 77022411
020 $a0878721428
050 0 $aHA29$b.M533 1978
082 $a519.5
100 10 $aMendenhall, William.
245 10 $aStatistics for management and economics /$cWilliam Mendenhall, James E. Reinmuth.
250 $a3d ed.
260 0 $aNorth Scituate, Mass. :$bDuxbury Press,$cc1978.
300 $ax, 789 p. :$bill. ;$c24 cm.
504 $aIncludes bibliographies and index.
650 0 $aStatistics.
700 10 $aReinmuth, James E.,$d1940-$ejoint author.